Подробности
| 000 -МАРКЕР |
| контрольное поле |
02328ncm0a2200409 4500 |
| 001 - ИДЕНТИФИКАТОР ЗАПИСИ |
| контрольное поле |
RU\NLR\ONIZ\216922 |
| 005 - ИДЕНТИФИКАТОР ВЕРСИИ |
| контрольное поле |
20260406080648.0 |
| 013 ## - МЕЖДУНАРОДНЫЙ СТАНДАРТНЫЙ НОМЕР ИЗДАНИЯ МУЗЫКАЛЬНОГО ПРОИЗВЕДЕНИЯ (ISMN) |
| Номер (ISMN) |
979-0-706373-50-8 |
| 021 ## - НОМЕР ГОСУДАРСТВЕННОЙ РЕГИСТРАЦИИ |
| Код страны |
Российская Федерация |
| Номер |
11-37н |
| Номер Листа государственной регистраци |
11-4н |
| 035 ## - ДРУГИЕ СИСТЕМНЫЕ НОМЕРА |
| Идентификатор записи |
(NLR Aleph) 011414438 |
| 071 20 - ИЗДАТЕЛЬСКИЙ НОМЕР |
| Номер, присвоенный агентством |
15636 |
| 100 ## - ДАННЫЕ ОБЩЕЙ ОБРАБОТКИ |
| Данные общей обработки |
20170331d2010 |||y0rusy50 ca |
| 101 0# - ЯЗЫК РЕСУРСА |
| Язык текста, звукозаписи и т.д. |
русский |
| 102 ## - СТРАНА ПУБЛИКАЦИИ ИЛИ ПРОИЗВОДСТВА |
| Страна публикации |
Российская Федерация |
| 125 ## - ПОЛЕ КОДИРОВАННЫХ ДАННЫХ: ЗВУКОЗАПИСИ И НОТНЫЕ ИЗДАНИЯ |
| Форма изложения нотного текста |
ax |
| 145 0# - ПОЛЕ КОДИРОВАННЫХ ДАННЫХ: СРЕДСТВО ИСПОЛНЕНИЯ МУЗЫКАЛЬНОГО ПРОИЗВЕДЕНИЯ (УСТАРЕВШЕЕ) |
| Тип средства исполнения |
b |
| 200 1# - ЗАГЛАВИЕ И СВЕДЕНИЯ ОБ ОТВЕТСТВЕННОСТИ |
| Основное заглавие |
Нетрудные транскрипции для фортепиано |
| Общее обозначение материала |
Ноты |
| Первые сведения об ответственности |
Ф. Лист |
| Последующие сведения об ответственности |
сост. К. Сорокин |
| 210 ## - ПУБЛИКАЦИЯ, РАСПРОСТРАНЕНИЕ И ДР. |
| Место издания, распространения и т.д. |
Москва |
| Имя издателя, распространителя и т. д. |
Музыка |
| Дата издания, распространения и т.д. |
2010 |
| 215 ## - ФИЗИЧЕСКАЯ ХАРАКТЕРИСТИКА |
| Специфическое обозначение материала и объем |
80 с. |
| Размеры |
29 см |
| 327 1# - ПРИМЕЧАНИЯ О СОДЕРЖАНИИ |
| Текст примечания |
1. [Хоральная] прелюдия : [BWV 12] / И. С. Бах. 2-3. Лакримоза : из Реквиема ; Мелодия : "Ave verum corpus" : [KV 618] / В. А. Моцарт. 4. Миньона / Л. ван Бетховен. 5. Соловей / А. Алябьев. 6. Альпийская пастушка / Дж. Россини. 7-8. Серенада ; Венгерский марш / Ф. Шуберт. 9. Желание / Ф. Шопен. 10-11. Это он ; Лишь тот, кто сам страдал / Р. Шуман. 12-14. Детская песня ; Каприччио ; Аллегро / Ф. Давид. 15-16. Романс Вольфрама ; Хор пилигримов : из оперы "Тангейзер". 17. Тайное шептание / К. Шуман |
| 606 1# - НАИМЕНОВАНИЕ ТЕМЫ КАК ПРЕДМЕТ |
| Наименование темы |
Транскрипции для фортепиано |
| Географический подзаголовок |
Венгрия |
| Хронологический подзаголовок |
19 в. |
| Формальный подзаголовок |
Ноты |
| Код системы |
nlr_sh |
| 686 ## - ИНДЕКСЫ ДРУГИХ КЛАССИФИКАЦИЙ |
| Индекс |
Щ954.2-09я44(4Вн) |
| Издание |
LBC/SL |
| Код системы |
|
| 686 ## - ИНДЕКСЫ ДРУГИХ КЛАССИФИКАЦИЙ |
| Индекс |
Щ954.2-052я44(4Вн) |
| Издание |
LBC/SL |
| Код системы |
|
| 700 #1 - ИМЯ ЛИЦА - ПЕРВИЧНАЯ ОТВЕТСТВЕННОСТЬ |
| Код отношения |
Композитор |
| Графика поля |
Кириллица |
| Материалы, к которым относится поле |
rus |
| Начальный элемент ввода |
Лист |
| Часть имени, кроме начального элемента ввода |
Ф. |
| Даты |
1811-1886 |
| Расширение инициалов личного имени |
Ференц |
| Системный номер авторитетной/нормативной записи |
26019 |
| Идентификатор авторитетной/нормативной записи |
RU\NLR\AUTH\7743076 |
| 702 #1 - ИМЯ ЛИЦА - ВТОРИЧНАЯ ОТВЕТСТВЕННОСТЬ |
| Системный номер авторитетной/нормативной записи |
z02790 |
| Начальный элемент ввода |
Сорокин |
| Часть имени, кроме начального элемента ввода |
К. С. |
| Даты |
1909-1998 |
| Расширение инициалов личного имени |
Константин Степанович |
| Код отношения |
Составитель |
| 790 #1 - ИМЯ ЛИЦА - АЛЬТЕРНАТИВНАЯ ФОРМА |
| Код отношения |
Композитор |
| Графика поля |
Латинская |
| Материалы, к которым относится поле |
hun |
| Начальный элемент ввода |
Liszt |
| Часть имени, кроме начального элемента ввода |
F. |
| Даты |
1811-1886 |
| Расширение инициалов личного имени |
Ferenc |
| Системный номер авторитетной/нормативной записи |
210699 |
| Идентификатор авторитетной/нормативной записи |
RU\NLR\AUTH\770210755 |
| 790 #1 - ИМЯ ЛИЦА - АЛЬТЕРНАТИВНАЯ ФОРМА |
| Системный номер авторитетной/нормативной записи |
z02702 |
| Начальный элемент ввода |
Sorokin |
| Часть имени, кроме начального элемента ввода |
K. S. |
| Даты |
1909-1998 |
| Расширение инициалов личного имени |
Konstantin Stepanovich |
| Код отношения |
Составитель |
| 801 #0 - ИСТОЧНИК ЗАПИСИ |
| Страна |
Российская Федерация |
| Организация |
NLR |
| Дата составления |
20170331 |
| Правила каталогизации |
PSBO |
| 801 #1 - ИСТОЧНИК ЗАПИСИ |
| Страна |
Российская Федерация |
| Организация |
NLR |
| Дата составления |
20170331 |
| Источник данных |
rusmarc |
| 801 #2 - ИСТОЧНИК ЗАПИСИ |
| Страна |
Российская Федерация |
| Организация |
NLR |
| Дата составления |
20190630 |
| 852 ## - МЕСТОНАХОЖДЕНИЕ И ШИФР ХРАНЕНИЯ |
| Идентификатор организации |
NLR |
| Наименование фонда или коллекции (Sub-Location Identifier) |
М |
| Шифр хранения (Call Number) |
К-3/27068 |
| Страна |
|
| Номер экземпляра |
1 |
| 852 ## - МЕСТОНАХОЖДЕНИЕ И ШИФР ХРАНЕНИЯ |
| Идентификатор организации |
NLR |
| Наименование фонда или коллекции (Sub-Location Identifier) |
М |
| Шифр хранения (Call Number) |
К-3/27068а |
| Страна |
|
| Номер экземпляра |
2 |
| 942 ## - ДОПОЛНИТЕЛЬНЫЕ ЭЛЕМЕНТЫ ЗАПИСИ (АБИС) |
| Тип экземпляра АБИС |
Ноты |
| 980 ## - КОЛЛЕКЦИЯ |
| Название коллекции |
Национальная библиография |
| 980 ## - КОЛЛЕКЦИЯ |
| Название коллекции |
Отдел нот и звукозаписей |